Žena, kterou muži neviděli /
Výběr toho nejlepšího z povídkové tvorby jedné z nejvýznamnějších autorek žánru science fiction.
Uloženo v:
| Hlavní autor: | |
|---|---|
| Další autoři: | , |
| Médium: | Kniha |
| Jazyk: | Czech |
| Vydáno: |
Praha :
Argo,
2022
|
| Vydání: | Vydání první |
| Edice: | Fantastika (Argo)
|
| Témata: | |
| Celkem bylo vypůjčeno: | 2x |
| Tagy: |
Žádné tagy |
| LEADER | 02658nam a2200445 i 4500 | ||
|---|---|---|---|
| 001 | 99271 | ||
| 003 | CZ PrSKC | ||
| 005 | 20230117165359.0 | ||
| 007 | ta | ||
| 008 | 221122s2022 xr g 000 j cze | ||
| 015 | |a cnb003473267 | ||
| 020 | |a 9788025739709 |q (vázáno) | ||
| 040 | |a ABG001 |b cze |e rda | ||
| 041 | 1 | |a cze |h eng | |
| 072 | 7 | |a 821.111(73)-3 |x Americká próza |2 Konspekt |9 25 | |
| 080 | |a 821.111(73)-32 |2 MRF | ||
| 080 | |a (0:82-321.9) |2 MRF | ||
| 100 | 1 | |a Tiptree, James, |c Jr, |d 1915-1987 |7 xx0022161 |4 aut |9 113950 | |
| 240 | 1 | 0 | |a Her smoke rose up forever. |l Česky |
| 245 | 1 | 0 | |a Žena, kterou muži neviděli / |c James Tiptree, Jr. ; přeložili Viktor Janiš a Richard Podaný |
| 250 | |a Vydání první | ||
| 264 | 1 | |a Praha : |b Argo, |c 2022 | |
| 300 | |a 498 stran ; |c 22 cm | ||
| 336 | |a text |b txt |2 rdacontent | ||
| 337 | |a bez média |b n |2 rdamedia | ||
| 338 | |a svazek |b nc |2 rdacarrier | ||
| 490 | 1 | |a Fantastika ; |v 140. svazek | |
| 500 | |a Přeloženo z angličtiny | ||
| 520 | 2 | |a Výběr toho nejlepšího z povídkové tvorby jedné z nejvýznamnějších autorek žánru science fiction. |b Přestože byla díky brilantním povídkám publikovaným pod pseudonymem James Tiptree, jr. jednou z nejvýraznějších autorek science fiction druhé poloviny dvacátého století, v českém překladu je Alice Sheldonová doposud relativně neznámá. A tak řada jejích nejvýznamnějších, literárními cenami často odměněných prací vychází v její sbírce Žena, kterou muži neviděli česky vůbec poprvé. Těchto osmnáct krajně ponurých vizí tvoří vrchol z autorčiny nepříliš obsáhlé povídkové tvorby. Dotýká se v nich mimo jiné lidského vnímání a poznání, metafyziky či sexuality a předznamenává svět, v němž je lidstvo odsouzeno k nevyhnutelnému pádu. Jde o knihu, jejíž vydání je nepatrným vyrovnáním dluhu vůči jedné z nejzajímavějších představitelek fantastického žánru a současně i vůči vrcholné světové science fiction dvacátého století. Nakladatelská anotace. | |
| 655 | 7 | |a americké povídky |7 fd131793 |2 czenas |9 25 | |
| 655 | 7 | |a vědecko-fantastické povídky |7 fd133845 |2 czenas | |
| 655 | 9 | |a American short stories |2 eczenas | |
| 655 | 9 | |a science fiction short stories |2 eczenas | |
| 700 | 1 | |a Janiš, Viktor, |d 1974- |7 jn20010309502 |4 trl |9 4812 | |
| 700 | 1 | |a Podaný, Richard, |d 1962- |7 mzk2003183236 |4 trl |9 20937 | |
| 830 | 0 | |a Fantastika (Argo) | |
| 910 | |a UOG502 | ||
| 942 | |2 ddc |c KN | ||
| 999 | |d 99271 | ||
| 993 | |0 0 |1 421180099671 |2 ddc |4 0 |7 0 |9 89265 |b 0 |c 99671 |d 2023-01-17 |e 2 |f DOSP |h 788.00 |i Koupě |l DOSP |m 2 |r 2023-05-11 |s 2023-04-06 |t 6 |w 2023-01-17 |y KN |z SFF | ||